00592nam a2200181 a 4500001000400000003000500004005001700009008004100026020001500067040002000082100001400102245011300116260007900229300001100308490003100319650002900350700003100379261CDMR20131024133328.0130130s2003||||||||||||||||||||||||||||d a8493343412 aCDMRbcatcCDMR1 aGil, Rosa10aAquí Ràdiob: crònica de les ones a les comarques de Girona (1933-1982)cGil Rosa, Montserrat Minobis  aGironac2003bCol.legi de Periodistes de Catalunya. Demarcació de Girona a316 p.0 aPapers de comunicacióv304aRàdio localzCatalunya1 aMinobis, Montserratd1942-